Geomagnetic india k and c: 1949 (iatme bulletin 126) (Record no. 988)

MARC details
000 -LEADER
fixed length control field 00494nam a2200169Ia 4500
003 - CONTROL NUMBER IDENTIFIER
control field IN-BaIIA
005 - DATE AND TIME OF LATEST TRANSACTION
control field 20250729143517.0
008 - FIXED-LENGTH DATA ELEMENTS--GENERAL INFORMATION
fixed length control field 211028s9999 xx 000 0 eng d
040 ## - CATALOGING SOURCE
Transcribing agency IIA Library
080 ## - UNIVERSAL DECIMAL CLASSIFICATION NUMBER
Universal Decimal Classification number 083.550.38
Item number IATME-12C
100 ## - MAIN ENTRY--PERSONAL NAME
Personal name Bertels, J
9 (RLIN) 2132
245 #0 - TITLE STATEMENT
Title Geomagnetic india k and c: 1949 (iatme bulletin 126)
Statement of responsibility, etc. J. Bertels
260 ## - PUBLICATION, DISTRIBUTION, ETC.
Place of publication, distribution, etc. Washington DC
Date of publication, distribution, etc. 1950
300 ## - PHYSICAL DESCRIPTION
Extent 139p.
650 ## - SUBJECT ADDED ENTRY--TOPICAL TERM
Topical term or geographic name entry element Geomagnetism
942 ## - ADDED ENTRY ELEMENTS (KOHA)
Koha item type Books
Source of classification or shelving scheme Dewey Decimal Classification
Holdings
Withdrawn status Lost status Source of classification or shelving scheme Damaged status Not for loan Home library Current library Shelving location Date acquired Total Checkouts Full call number Barcode Date last seen Price effective from Koha item type Purchase Price
    Dewey Decimal Classification     IIA Library-Bangalore IIA Library-Kodaikanal General Stacks     083.550.38/ IATME-12C 1029 05/11/2021   Books  

Powered by Koha